Analógový a virtuálny nátlačok a ich vplyv na nastavenie vyfarbenia v ofsetovej tlači

Guardado en:
Detalles Bibliográficos
Autor principal: Kosík, Peter
Formato: Libro
Lenguaje:eslovaco
Publicado: Bratislava STU FCHPT 2011
Acceso en línea:Ver en el OPAC
Etiquetas: Agregar Etiqueta
Sin Etiquetas, Sea el primero en etiquetar este registro!

MARC

LEADER 00000nam a2200000 a 4500
005 20260127134135.0
008 110629 2011 xo 000 0 slo d
035 |a vtls010289419 
039 9 |y 201106291022  |z mschk03 
040 |a STUSCHK1  |b slo  |c STUSCHK1  |e AACR2 
100 1 |a Kosík, Peter 
245 1 |a Analógový a virtuálny nátlačok a ich vplyv na nastavenie vyfarbenia v ofsetovej tlači  |c Peter Kosík 
260 |a Bratislava  |b STU FCHPT  |c 2011 
300 |a 112 s.  |b il.  |c 30cm 
500 |a Obháj.: 9.6. 2011 
500 |a Študijný program: prírodné a syntetické polyméry 
500 |a Študijný odbor: 5.2.18 chemické technológie 
500 |a Miesto vypracovania: Oddelenie polygrafie a aplikovanej fotochémie, FCHPT STU 
500 |a Evidenčné číslo: FCHPT-13576-23309 
910 |a SCHK95 
999 |c 5007  |d 5007